| 000 | 01364nam a2200301 a 4500 | ||
|---|---|---|---|
| 001 | BRCA_5162 | ||
| 005 | 20190320204951.0 | ||
| 008 | 221110s1861----mx-######v---#000-0#spa-# | ||
| 041 | _aspa | ||
| 044 | _amx | ||
| 084 |
_aDOC109 _b.A48 _c1861 |
||
| 100 | 1 |
_aAltamirando,Ignacio Manuel _cZarco _d1834-1893 _913203 |
|
| 245 | 1 | 0 |
_aDocumento firmado por [Ignacio Manuel Altamirando] dirigido a Eduardo Goroztiza _c[Ignacio Manuel Altamirando], Eduardo Goroztiza. |
| 260 |
_aMéxico _c1861 |
||
| 300 |
_a[2} fojas _c33 x 22 cm |
||
| 500 | _aDocumento firmado el 31 de enero de 1861 | ||
| 500 | _aEl Zarco escribe al ministro de Hacienda, la urgencia de entregar a Goroztiza algunos sueldos devengados por encontrarse este en problemas económicos | ||
| 500 | _aDocumento firmado por el seudónimo ´Zarco´ | ||
| 500 | _aEl documento contiene la leyenda DOC. #273 | ||
| 500 | _aEstado de conservación: Contiene manchas de acidificación | ||
| 506 | 0 | _aFondo reservado: para su consulta es necesario credencial de usuario y carta de motivos | |
| 546 | _aTexto en: español de mediados del siglo XIX | ||
| 600 | 1 | 4 |
_aAltamirando, Ignacio Manuel _cZarco _d1834-1893 _913204 |
| 650 | 1 | 4 |
_aDiplomacia _vManuscrito _xDocumentos legales _yConstitución y reforma, 1855-1863 _zMéxico _913205 |
| 700 | 1 |
_aGoroztiza, Eduardo _913206 |
|
| 902 | _aFDH | ||
| 942 |
_2lcc _cD |
||
| 999 |
_c4856 _d4856 |
||